000 00647nam a2200241Ia 4500
003 OSt
005 20220918202632.0
006 a|||||r|||| 00| 0
007 ta
008 220917b |||||||| |||| 00| 0 eng d
024 _a102,675
037 _cTextual
040 _aARTS
_cARTS
_beng
041 _2eng
_aeng
082 _aV23791:51.M57, M2
100 _aSinha Shyam Narain
_9104692
245 0 _aRevolt of 1857 in Bundelkhand
260 _aLucknow
_bAnuj Pub
_c1982
300 _av,226p. maps
_ccm.
650 _aHISTORY
942 _hV23791:51.M57, M2
_cTEXL
_2CC
999 _c226126
_d226126